00353 a2200109 4500001000900000005001700009008004100026245005800067100002800125773007300153999001700226ART_358320260410161716.0260409a 10aLiderazgo y reelección presidencial en la Argentina1 aSerrafero, Mario Daniel0 tDesarrollo económicog- Vol. 33, Nº 132 (ene./mar. 1994)wREV1174 c16530d16530